000 00453nam a2200181Ia 4500
001 20183
005 20260306172747.0
008 260306t1997||||xx |||||||||||||| ||spa||
041 _aESP
082 _a342.812
_bS52
100 _aSierralta Ríos, Aníbal
_eAUT
245 0 _aLa compraventa internacional y el derecho peruano
260 _c1997
300 _a246 páginas :
_c21 cm.
650 _aGEN
654 _aCDE
942 _cLIB
_dJUS
_fJUS
_2ddc
_n
999 _c20183
_d20183